MARC

LEADER 00000nam a2200000Ia 4500
001 25565
003 Arxiu
005 20260324181110.0
008 220519b spa||||| |||| 00| 0 cat d
017 |a DL B 10012-2017 
080 |a FU-69-49 
245 |a Poesia als parcs :  |b lletres i paisatges : del 22 d'abril al 5 de novembre de 2017 /  |c Xarxa de Parcs Naturals 
260 |a Barcelona :  |b Diputació de Barcelona. Àrea de Territori i Sostenibilitat ;  |b Generalitat de Catalunya. Institució de Lletres Catalanes,  |c 2017 
300 |a 6 pàgines :  |b il·lustraicons ;  |c 21 cm 
490 |a Poesia als parcs. Lletres i paisatges 
500 |a Deu recitals poètics es llegiran a diferents indrets d'espais naturals protegits de la Xarxa de Parcs Naturals, en altres parcs de Catalunya i de l'Alguer. 
610 1 0 |a Barcelona (Catalunya : Província).   |b Xarxa de Parcs Naturals  |x Activitats culturals  |9 52895 
650 0 |a Parcs Naturals  |z Barcelona (Catalunya : Província)  |x Activitats culturals  |9 50143 
710 1 |a Barcelona (Catalunya : Província).  |b Xarxa de Parcs Naturals  |9 7250 
710 2 |a Institució de les Lletres Catalanes  |9 52977 
901 |a Arxiu 
942 |n 1  |2 udc  |c ARXIU 
952 |0 0  |1 0  |4 0  |6 FU6949  |7 1  |9 61783  |a Arxiu  |b Arxiu  |d 2022-05-19  |l 0  |o FU-69-49  |p 25565  |r 2022-05-19 00:00:00  |w 2022-05-19  |y ARXIU 
952 |0 0  |1 0  |4 0  |6 PDL  |7 1  |9 62339  |a Arxiu  |b Arxiu  |d 2022-06-13  |l 0  |o PDL  |p 25880  |r 2022-06-13 00:00:00  |w 2022-06-13  |y ARXIU 
999 |c 81637  |d 81637